000 01286fam a2200385 a 4500
001 1401916
003 ARRUPE
005 20150327164444.0
008 930211s1993 ilu b 001 0 eng
010 _a 93016547
020 _a0810110059
020 _a081011030X (pbk.)
035 _a(OCoLC)27684059
035 _a(OCoLC)ocm27684059
035 _a(NNC)1401916
040 _aDLC
_cDLC
_dNNC
041 1 _aeng
_hger
050 0 0 _aB3279.H94
_bB4513 1993
082 0 0 _a193
_220
100 1 _aBernet, Rudolf.
_916741
240 1 0 _aEdmund Husserl.
_lEnglish
245 1 3 _aAn introduction to Husserlian phenomenology /
_cRudolf Bernet, Iso Kern, Eduard Marbach.
260 _aEvanston, Ill. :
_bNorthwestern University Press,
_c1993.
300 _axv, 269 p. ;
_c23 cm.
490 1 _aNorthwestern University studies in phenomenology and existential philosophy
504 _aIncludes bibliographical references and index.
600 1 0 _aHusserl, Edmund,
_d1859-1938.
_9717
650 0 _aPhenomenology.
_916742
650 0 _aKnowledge, Theory of.
_916743
700 1 _aKern, Iso.
_916744
700 1 _aMarbach, Eduard.
_916745
830 0 _aNorthwestern University studies in phenomenology & existential philosophy.
_916746
942 _2lcc
_cMONOGRAPH
999 _c122540
_d122540